000 00333nam a2200133Ia 4500
008 240624s9999 xx 000 0 und d
041 _aeng
082 _a658.3 DEN
100 _aDENISI ANGELO S
245 _aHR WHAT S INSIDE
260 _c2011
_aAustralia
_bCengage Learning
300 _avii, : 339 : p. : cm. ; 27
365 _c
_b25
999 _c26883
_d26883